000
00205 a2200097 4500
001
53387
100
_a
Mandel, Sally
245
_a
Quinn
260
_a
G Britain
_b
Macdonald & Co.
_c
090
_c
33635
_d
33635
942
_a
NUST-CAE
_c
M
_c
26264
999
_c
288460
_d
288460